(Record no. 188599)

MARC details
000 -LEADER
fixed length control field 00538nam a2200145Ia 4500
041 ## - LANGUAGE CODE
Language code of text/sound track or separate title Arabic
082 ## - DEWEY DECIMAL CLASSIFICATION NUMBER
Classification number 341,4 cut-888 ز
100 ## - MAIN ENTRY--PERSONAL NAME
Personal name 20260118u\\\\\\\\\\\y0engy0103\\\\ba
Personal name عبدالصمد رحیم کریم زنگنه
245 #0 - TITLE STATEMENT
Title المركز القانوني الدولي للقوات المتعددة الجنسيات في العراق ٢٠٠٣ - ٢٠٠٨
250 ## - EDITION STATEMENT
Edition statement ط1
260 ## - PUBLICATION, DISTRIBUTION, ETC. (IMPRINT)
Name of publisher, distributor, etc موسسة حمدى للطباعة والنشر
Place of publication, distribution, etc السليمانية - العراق
Date of publication, distribution, etc 2009
300 ## - PHYSICAL DESCRIPTION
Extent 302
942 ## - ADDED ENTRY ELEMENTS (KOHA)
Koha item type Books
Holdings
Withdrawn status Lost status Damaged status Not for loan Collection code Home library Current library Shelving location Date acquired Total Checkouts Full call number Barcode Date last seen Copy number Price effective from Koha item type
          Koya University Central Library Koya University Central Library Books 18/01/2026   341,4 cut-888 ز 0000092476 18/01/2026 1 18/01/2026 Books